| 000 | 00729nam a22001937a 4500 | ||
|---|---|---|---|
| 999 |
_c164678 _d164678 |
||
| 005 | 20190524120904.0 | ||
| 010 | _aUR-10151 | ||
| 020 |
_c250.00 _a9789387829916 |
||
| 035 | _aU-8706 | ||
| 037 | _bDBAD/PUB | ||
| 082 | _a841 | ||
| 100 | _aا نو ا ر ا لحق شا د ا ں پھلا ؤ د ی | ||
| 245 |
_aر فعت خيا ل _cا نو ا ر ا لحق شا د ا ں پھلا ؤ د ی |
||
| 246 |
_bRifat-e-Khayal (Urdu) _aby Anwar Ul Haque Shadan Phalaodavi |
||
| 260 |
_a Delhi _bEducational Publishing House _c2018 ء |
||
| 270 |
_a3191،Vakil Street,Kucha Pandit,Lal Kuan, _bDelhi _e110006 _k23216162 _l00911123211540 |
||
| 300 |
_a220+4ص _c22 Cm.(bk) |
||
| 942 |
_2ddc _cUR _h841 _mش ا د |
||